Vývoj úrokových sadzieb pred, počas krízy, v súčasnosti a prognóza diplomová práca

Guardado en:
Detalles Bibliográficos
Autor principal: Forraiová, Ivana
Autor Corporativo: Podnikovohospodárska fakulta EU so sídlom v Košiciach. Katedra informačnej a jazykovej komunikácie
Otros Autores: Čonková, Monika, 1976-
Formato: Libro
Lenguaje:eslovaco
Publicado: Košice 2018
Etiquetas: Agregar Etiqueta
Sin Etiquetas, Sea el primero en etiquetar este registro!

MARC

LEADER 00000nbm a2200000 4500
001 0247228
005 20181025113220.4
041 0 |a slo 
044 |a SK 
245 1 0 |a Vývoj úrokových sadzieb pred, počas krízy, v súčasnosti a prognóza  |b diplomová práca  |c Ivana Forraiová ; školiteľ: Monika Čonková 
264 1 |a Košice  |c 2018 
300 |a 85 s. 
100 1 |a Forraiová, Ivana 
700 1 |a Čonková, Monika, 1976- 
710 2 |a Podnikovohospodárska fakulta EU so sídlom v Košiciach. Katedra informačnej a jazykovej komunikácie